AYET AYET HAYAT (Kayıt no. 946997)

MARC ayrıntıları
000 -LEADER
sabit uzunluktaki kontrol alanı 00243nam a2200097Ia 4500
001 - KONTROL NUMARASI
kontrol alanı 946997
005 - EN SON İŞLEMİN TARİH VE ZAMANI
kontrol alanı 20250826215452.0
008 - SABİT-UZUNLUKTA VERİ ÖĞELERİ--GENEL BİLGİ
sabit uzunluktaki kontrol alanı 250824s9999 xx 000 0 und d
245 #0 - ESER / YAZAR
ESER ADI AYET AYET HAYAT
Yazar Adı YAVUZ BAHADIROĞLU
260 ## - YAYIN, DAĞITIM, VB.
YAYIN EVİ PANAMA YAYINLARI
Mevcut
Düşüm durumu Kayıp durumu Hasar Durumu Ödünç verilmez Ana kütüphane Geçerli Kütüphane Edinilen tarih Toplam ödünç verme sayısı Barkod Son görüntüleme tarihi Fiyatın geçerli olmaya başladığı tarih Koha materyal türü
        KAZIM ÖZENÇ SEÇEN ORTAOKULU KAZIM ÖZENÇ SEÇEN ORTAOKULU 24.08.2025   1048223 26.08.2025 26.08.2025 Kitaplar
Gemini Bilgi Teknolojileri A.Ş. tarafından düzenlenmiştir.